000 00720nam a2200205Ia 4500
001 14970
003 GE_BSU
008 181216s||||||||xx |||||||||||||| ||und||
040 _cGE_BSU
080 _a514(075.3)
100 _aБерман,Г.Н.
245 _aЦиклоида. Об одной замечательной кривой линии и некоторых других с ней связанных
250 _a3-е изд.
260 _aМосква
260 _bНаука
260 _c1980
300 _a112стр.20см.
653 _aЦиклоида. Об одной замечательной кривой линии и некоторых других с ней связанных
942 _cBK
999 _c48089
_d48089